000 00986nam a2200277 a 4500
001 BRCA_5476
005 20190320205109.0
008 040510s1963----sp-a######---#000-0#spa-#
041 _aspa
044 _asp
050 4 _aN5300
_b.P55 7
_c1963
100 1 _aPijoán, José
_d1880-1963
_qJosé Pijoán Soteras
_914001
245 1 0 _aSumma Artis
_bhistoria general del arte
_cJosé Pijoán.
250 _a3
260 _aEspaña
_bEspasa-Calpe
_c1963
300 _a692 p. (v.15)
_bil. (algunas a color)
_c27 cm.
500 _aIncluye índice alfabético, índice de materias e índice de láminas
500 _aEnciclopedia inventariada por Banco de México como libro
500 _aVer también AA121, AA122, AA123 (2da. edición), D136, D137, D138 y N28
500 _aD142
504 _aBibliografía: p. [631]-634
505 0 _aContenido: v.15. El arte del renacimiento en el norte y el centro de Europa
650 1 4 _aArte
_xHistoria
_914002
902 _aGFM
942 _2lcc
_cB
999 _c5170
_d5170